Svadobné tance vodných vtákov atlas slovenských vodných vtákov

Podrobná bibliografia
Hlavný autor: Kňaze, Ivan, 1946- (Autor, Fotograf)
Médium: Kniha
Jazyk:slovenčina
Fyzický popis:303 s. fotogr. 30 cm
Vydavateľské údaje: Ružomberok Epos 2016
ISBN:9788089547425
Edícia:Beletria
Predmet:

MARC

LEADER 00000cam a2200000 a 4500
001 vtls011600911
003 SK-MaSNL
005 20260426003050.0
008 210624s2016 xo o g n 001 0 slo
015 |a SNBA2017/03 
020 |a 9788089547425  |q (viazané) 
035 |a urn:nbn:sk:snk-am00djrg 
035 |a urn:nbn:sk:snk-am3i4ha 
035 |a 1FFC983A-9F29-4EBA-9B16-80E274940EFC 
040 |a SNK  |b slo  |c SNK  |e AACR2 
041 0 |a slo 
043 |a e-xo--- 
044 |a xo  |c SK 
072 7 |a 59  |x Zoológia  |2 konspekt 
080 |a 598.2  |2 2011 
080 |a 591.5  |2 2011 
080 |a (437.6)  |2 2011 
080 |a (084.4)  |2 2011 
080 |a (084.12)  |2 2011 
100 1 |a Kňaze, Ivan,  |d 1946-  |4 aut  |4 pht  |9 85838 
245 1 0 |a Svadobné tance vodných vtákov  |b atlas slovenských vodných vtákov  |c Ivan Kňaze ; [fotografie: Ivan Kňaze] 
246 3 0 |a Atlas slovenských vodných vtákov 
260 |a Ružomberok  |b Epos  |c 2016 
300 |a 303 s.  |b fotogr.  |c 30 cm 
490 1 |a Beletria  |v 214 
504 |a Bibliogr.: s. 299 ; reg. 
650 0 7 |a vtáky  |2 SNKPH  |9 2762 
650 0 7 |a ornitológia  |2 SNKPH  |9 27379 
650 0 7 |a správanie živočíchov  |2 SNKPH  |9 73676 
650 0 7 |a Birds  |2 SNKPHeng  |9 265512 
650 0 7 |a Ornithology  |2 SNKPHeng  |9 265513 
650 0 7 |a Animal behavior  |2 SNKPHeng  |9 341640 
651 7 |a Slovensko  |2 SNKPH  |9 14231 
651 7 |a Slovakia  |2 SNKPHeng  |9 92630 
655 7 |a atlasy  |2 SNKPH  |9 70424 
655 7 |a fotografické publikácie  |2 SNKPH  |9 70483 
655 7 |a Atlases  |2 SNKPHeng  |9 280087 
655 7 |a Photographic publication  |2 SNKPHeng  |9 266858 
830 0 |a Beletria  |9 294194 
852 |a Štátna vedecká knižnica v Banskej Bystrici 
919 |a 978-80-89547-42-5 
958 |a TL 
958 |a NB 
958 |a SK 
999 |c 934738  |d 936668 
952 |a SNK  |b SNK  |y PREZ  |7 0  |p 17A1253122  |o snkSB 91221  |i snk2017/3907  |8 0  |0 0  |1 0  |4 0  |d 2017-02-10  |f 1  |l 0  |r 2025-05-14 00:00:00  |w 2026-02-24 
952 |a SNK  |b SNK  |y VYP  |7 0  |p 17A1253123  |o snkSB 91221 D1  |i snk2017/3908  |8 0  |0 0  |1 0  |4 0  |d 2017-02-10  |l 0  |r 2026-02-24 09:00:11  |w 2026-02-24